000 00364cam a22001331 4500
040 _cDLC
082 0 0 _a631 ALD 1968 A090 Or.
100 1 _aChang, Jen-hu.
245 1 0 _aClimate and agriculture;
_ban ecological survey
260 _aChicago,
_bAldine Pub. Co.
_c[1968]
300 _axvi, 304 p.
_billus., charts.
_c25 cm.
650 0 _aCrops and climate.
942 _cEK
999 _c15850
_d15850